The Box Lyrics- Roddy Ricch - Statistics

General Stats
  • This quiz has been taken 142 times
  • The average score is 303 of 500
Answer Stats
Hint Answer % Correct
I
97%
The
97%
A
96%
Box
89%
In
88%
Fuck
83%
Lick
83%
To
82%
Lazy
81%
Im
80%
Got
79%
Coup
78%
Out
78%
Swat
78%
So
77%
Twelve
77%
Put
75%
Stick
75%
Get
73%
Lot
73%
She
73%
Just
72%
Soul
72%
We
70%
80s
69%
Damn
69%
Had
69%
No
69%
Told
69%
With
69%
At
68%
Hit
68%
Mojo
68%
Whole
68%
My
67%
Like
65%
Sucked
65%
And
64%
Pullin
64%
Pulllin
64%
Sea
63%
Cash
62%
When
62%
Bustin
61%
Can
60%
Em
60%
That
60%
Been
59%
Never
59%
Know
58%
Trappin
58%
Seal
57%
Up
57%
Nose
56%
Sell
56%
Wipe
56%
You
56%
Ima
55%
On
55%
Wanna
55%
Deals
54%
All
53%
Real
53%
Say
53%
Gotta
52%
Where
51%
Bells
50%
Back
49%
He
49%
Really
49%
Me
47%
App
45%
Slatt
43%
Bitch
42%
It
42%
President
42%
Shit
42%
Bulletproof
41%
Cadillac
41%
2020
40%
Move
40%
City
39%
For
39%
Pour
38%
Smarter
38%
Harder
37%
Bag
36%
Carter
36%
Dont
36%
Candidate
35%
Daughter
35%
Her
35%
Shoes
35%
Wear
35%
Wont
35%
Son
34%
Tell
33%
House
32%
Was
32%
Cause
31%
Stash
31%
Water
31%
Cruise
30%
Dick
29%
Down
29%
Draco
29%
Ill
29%
Key
29%
Pink
28%
Slip
28%
Suckin
28%
Try
28%
Hands
27%
Vince
27%
Arm
26%
Dwayne
26%
Ever
26%
Fly
26%
His
25%
Lay
25%
Pop
25%
Shawty
25%
Take
25%
Model
24%
Them
24%
Traffic
24%
Rim
23%
These
23%
Playin
22%
Chances
21%
Coupe
20%
Movin
20%
Ballin
19%
Call
19%
Here
19%
Lotta
19%
Mouth
19%
Mud
19%
Whips
19%
Wood
19%
Zimmerman
19%
Aaliyah
17%
Again
17%
Aint
17%
Bands
17%
Done
17%
Flyin
17%
About
16%
Looking
16%
Strip
16%
Keyless
15%
Made
15%
Compton
14%
Crisco
14%
Forest
14%
Moving
14%
Nothing
14%
Private
14%
Rollie
14%
Street
14%
Thats
14%
Took
14%
Wealthy
14%
Landing
13%
Patek
13%
Why
13%
Double
12%
Or
12%
Cs
11%
After
10%
Crip
10%
Drugs
10%
Gangsta
9%
If
9%
Pick
9%
Theres
9%
Blues
8%
Bought
8%
Hahaha
8%
Pouch
7%
Plain
6%
Probably
6%
Seen
5%
Barely
4%
Forgive
4%
Steelo
3%
Add
0%
Hundered
0%
Thequarter
0%
Whold
0%
No matching quizzes found
Score Distribution
Percent of People with Each Score
Percentile by Number Answered
Your Score History
You have not taken this quiz